Statistics for Countries of the World By Last 2 Letters

Click here to take the quiz!

General Stats

  • This quiz has been taken 68 times
  • The average score is 184 of 196

Answers on the Map

Answers color-coded by a green-red scale on the quiz's map according to % correct below.
 

Answer Stats

Country% Correct
a
100%
ay
100%

ia
100%

na
100%
ca
100%
ce
100%
co
100%
da
100%
ia
100%
il
100%
in
100%
na
100%
nd
100%
al
98%
an
98%
en
98%
le
98%
ly
98%
ne
98%
es
96%
ny
96%
om
96%
am
94%
ar
94%

go
94%
ea
94%
go
94%
la
94%
li
94%
on
94%
os
94%
pt
94%
ad
93%
ds
93%
er
93%
ey
93%
ma
93%
me
93%
rk
93%
um
93%
we
93%
ya
93%
aq
91%
as
91%
ba
91%
ic
91%
or
91%
ru
91%
ze
91%
us
89%
ka
87%
ti
87%
ua
87%
ue
87%
ni
83%
rg
83%
ry
83%
au
81%
de
81%
ho
81%
ji
81%
sh
81%
st
81%
ta
81%
va
81%
el
80%
it
78%
no
78%
ro
78%
so
78%
ga
76%
lu
76%
ra
76%
tu
76%
ty
76%
vo
76%
di
74%
is
74%
oa
74%
pe
72%
wi
72%
ei
69%
re
69%

Score Distribution

Percentile by Number Answered

Percent of People with Each Score

Your Score History

You have not taken this quiz